8Ball & MJG Discography - Statistics

General Stats
  • This quiz has been taken 2 times
  • The average score is 8 of 14
Answer Stats
Year Name Type % Correct
1993 Comin' Out Hard Album
100%
1999 In Our Lifetime Album
100%
2004 Living Legends Album
100%
2000 Memphis Under World Compilation
100%
1994 On the Outside Looking In Album
100%
2007 Ridin High Album
100%
1997 Lyrics of a Pimp Compilation
50%
1995 On Top of the World Album
50%
2000 Space Age 4 Eva Album
50%
2010 Ten Toes Down Album
50%
2019 Classic Pimpin Live Album
0%
2000 Off da Chain, Vol. 1 Compilation (Collab)
0%
1997 The Album of the Year Compilation (Collab)
0%
2008 We Are the South: Greatest Hits Compilation
0%
No matching quizzes found
Score Distribution
Percent of People with Each Score
Percentile by Number Answered
Your Score History
You have not taken this quiz